Cultural Transformation and Human Rights in Africa / (Record no. 5521)

MARC details
000 -LEADER
fixed length control field 00616nam a22002057a 4500
003 - CONTROL NUMBER IDENTIFIER
control field OSt
005 - DATE AND TIME OF LATEST TRANSACTION
control field 20171020202409.0
008 - FIXED-LENGTH DATA ELEMENTS--GENERAL INFORMATION
fixed length control field 130820b xxu||||| |||| 00| 0 eng d
020 ## - INTERNATIONAL STANDARD BOOK NUMBER
International Standard Book Number 9-7818-4277-0917
040 ## - CATALOGING SOURCE
Original cataloging agency LDCLIB
Transcribing agency LDCLIB
082 ## - DEWEY DECIMAL CLASSIFICATION NUMBER
Edition number 22
Classification number 341.48
Item number CUL
245 ## - TITLE STATEMENT
Title Cultural Transformation and Human Rights in Africa /
Statement of responsibility, etc edited by Abdullahi A An-Na’im.
260 ## - PUBLICATION, DISTRIBUTION, ETC. (IMPRINT)
Place of publication, distribution, etc London :
Name of publisher, distributor, etc Zed Books Ltd.
Date of publication, distribution, etc 2002
300 ## - PHYSICAL DESCRIPTION
Extent viii, 269 p. ;
Dimensions 23 cm.
500 ## - GENERAL NOTE
General note Includes Index
650 ## - SUBJECT ADDED ENTRY--TOPICAL TERM
Topical term or geographic name as entry element Human rights --
Geographic subdivision Africa
650 ## - SUBJECT ADDED ENTRY--TOPICAL TERM
Topical term or geographic name as entry element Cultural transformation
700 ## - ADDED ENTRY--PERSONAL NAME
Personal name Na'im, Abdullahi A.
942 ## - ADDED ENTRY ELEMENTS (KOHA)
Source of classification or shelving scheme Dewey Decimal Classification
Koha item type Books
Holdings
Withdrawn status Lost status Source of classification or shelving scheme Damaged status Not for loan Home library Current library Shelving location Date acquired Total Checkouts Full call number Barcode Date last seen Copy number Price effective from Koha item type Public note
    Dewey Decimal Classification     Law Development Centre Main Library Law Development Centre Main Library Text Books and Laws 08/20/2013   341.48 CUL 6207/2013 08/20/2013 1 08/20/2013 Books Reserve